00692cam a22002171  4500001001300000003000400013005001700017008004100034010001700075025002000092035002000112040002100132042001200153050002400165100002600189245008800215250001300303260003800316300002800354505009200382sa 68015623 DLC20260227112645.0890504s1966    io a          000 0 ind    asa 68015623   aPL480:Indo-4859  a(OCoLC)19656692  aDLCcCUdWUdDLC  apremarc00aPL5089.N67bH8 19661 aNotosusanto, Nugroho.10aHudjan kepagian :bkumpulan tjerita pendek /cDihiasi 4 gambar oleh Puranto Yapung.  aTjet. 3.  aDjakarta :bBalai Pustaka,c1966.  a74 p. :bill. ;c18 cm.0 aSenjum. -- Konjol. -- Pembalasan dendam. -- Perawan digaris depan. -- Baji. -- Exekusi.